000 00718cab a2200229 4500
001 WB2918-06
008 090401t1993 xxu||||| |||| 00| 0 eng d
035 _a(Sirsi) u25171
041 _aeng
245 _aBrewers to reveal write-downs
260 _c1993
350 _a0
490 _aGuardian
_v10 May 1993, 8(1)
520 _aResults from three major brewers are expected to show substantial losses in the value of their tied houses, pubs having fallen in price by 40% on average since 1989.
650 _aBREWERIES
650 _aFREE HOUSES
650 _aPUBLIC HOUSE MARKET
650 _aPUBLIC HOUSES
690 _aPROPERTY-COMMERCIAL PROPERTY-RETAIL PROPERTY
942 _n0
948 _c04/03/1997
999 _c16889
_d16889